000 00988nam a22003257a 4500
001 0022640
003 KOHA_MİRAKIL
005 20260207002350.0
007 ta
008 241230b1996 tu |||gr||||#||||1|tur |
020 _a9753381190
_c3,5
040 _aTR-BiSEU
_btur
_cTR-BiSEU
_erda
041 0 _atur
044 _ctu
050 _aPL205
_b.T87 1996
100 1 _a Turinay, Necmettin.
245 1 _aKültür dil ve sanata dair/
_cNecmettin Turinay ; Necmettin Turinay.
264 1 _aAnkara :
_bAkçağ Yayınları
_c1996
300 _a234 sayfa
336 _ametin
_btxt
_2rdacontent
337 _aaracısız
_bn
_2rdamedia
338 _acilt
_bnc
_2rdacarrier
490 1 _aAkçağ yayınları ;
_v144.
490 1 _aDeneme - Eleştiri ;
_v3.
650 0 _aTurkish literature--History and criticism.
_99974
650 0 _aTurkey--Civilization.
_910980
830 1 _aAkçağ yayınları ;
_v144.
_97970
830 1 _aDeneme - Eleştiri ;
_v3.
_947179
942 _2lcc
_cBK
999 _c22596
_d22596